| 000 | 00541nam a22002057a 4500 | ||
|---|---|---|---|
| 003 | OSt | ||
| 005 | 20140310183049.0 | ||
| 008 | 130227t xxu||||| |||| 00| 0 eng d | ||
| 020 | _a9715843611 | ||
| 050 |
_aQR 63 _b.B467 2004 |
||
| 082 |
_aFIL 589.95072 _bB43 2004 |
||
| 245 |
_aLaboratory manual in microbiology _cBenitez, Petrona A. |
||
| 260 |
_aQuezon City _b C & E Pub. _c2004 |
||
| 300 |
_a63 leaves _c25 cm |
||
| 521 | _aCollege Students | ||
| 526 | _c1210L-1700L | ||
| 541 | _j1 | ||
| 562 | _e1 | ||
| 942 |
_2lcc _cBK _kFIL |
||
| 999 |
_c18623 _d18623 |
||